03589nam a2200469 a 450000100100000000500170001000800410002702000150006804000250008308200150010810000200012324502810014326000760042430000280050050000380052850000550056650516450062165000210226670000380228770000360232570000290236170000380239070000300242870000330245870000290249170000370252070000360255770000440259370000290263770000280266670000400269470000320273470000330276670000360279970000320283570000280286770000390289570000460293404900090298095201130298999900170310200002563220250707112615.0110216s2003 mx a r 000 | spa d a9703208991 aDO-SdBNPbspacBNPHU a330bP737q1 aPlutarco95232610aQue las "rondas" no son buenas ... :bla OMC y la Ronda de Doha, ¿proteccionismo vs desarrollo? /ccoordinación María Cristina Rosas, Giovanni E. Reyes ; prólogo Rubens Ricupero ; Walter Astié-Burgos ... [et al.].; cuidado de la edición Domingo Cabrera Velázquez. aMéxico, D. F. :bUniversidad Nacional Autónoma de México ,c2003. a446 p. :bil. ;c23 cm. aIncluye notas al pie de páginas aIncluye bibliografía al final de los capítulos0 tLa Ronda de Doha : alcances y límites /rMaría Cristina RosastEl nuevo regionalismo y el retorno a lo político /rBjôrn HettnetUnión Europea y OMC : desavenencia trasatlántica, improbable agenda verde y distorsión... del espíritu de Doha /rAlex De KerpeltLa política comercial de Japón frente a los retos de una estrategia de interacción múltiple /rCarlos UscangatRusia y la Organización Mundial del Comercio /rAna Teresa Gutiérrez del CidtIntegración económica en Asia Oriental y la Ronda de Doha /rPeter Drysdale y Jane Drake-BrockmantGlobalización en América Latina y el Caribe : integración económica e inserción en los mercados internacionales /rGiovanni E. ReyestAl ALCA, el nuevo regionalismo y las estrategias de los países latinoamericanos /rJosé Briceño RuíztCentroamérica : integración, libre comercio y Plan Puebla-Panamá /rWalter Astié-BurgostMéxico-OMC : y después del libre comercio? /rGeorgina SáncheztLa cooperación para el desarrollo y el comercio internacional /rJuan Pablo Prado LallandetComercio y medio ambiente : más allá del viejo debate /rMario Duarte VillarellotTrato especial y diferenciado en las relaciones comerciales multilaterales : el esqueleto en el clóset /rManuela TórtoratMigración temporal para el suministro de servicios : retos para la liberalización comercial en el marco del GATS? /rSebastián EscalantetLa crisis del acceso a los medicamentos y los acuerdos en materia de propiedad intelectual de la Ronda de Uruguay : los pacientes frente a las ganancias /rPascale Boulet y Rachel M. Cohen. 0aEconomia 9853831 aRicupero, Rubens,epról.9523391 aAstié-Burgos , Walter,9446121 aBoulet, Pascale ,9523401 aBriceño Ruíz, José ,9523411 aCohen, Rachel M. ,9523421 aDrake-Brockman, Jane,9523431 aDrysdale, Peter ,9523441 aDuarte Villarello, Mario,9505261 aEscalante, Sebastián ,9523451 aGutiérrez del Cid, Ana Teresa,9505291 aHettne, Bjôrn ,9523461 aKerpel, Alex De,9523471 aPrado Lallande, Juan Pablo ,9523481 aE. Reyes, Giovanni ,9523491 aSánchez, Georgina ,9446201 aRosas, María Cristina,9261761 aTórtora, Manuela ,9523501 aUscanga, Carlos,9505391 aLópez Salvá, Mercedes ,9523291 aCabrera Velázquez, Domingo,eed.952351 aBNGR 001050718MOaGRbGRcCTd2011-02-18iLF1l0o330 P737qp25632-10r2020-06-25w2020-06-25y1ZNo se presta c25124d25124